Manual de retórica literaria. Fundamentos de una ciencia de la literatura.
Bewaard in:
| Hoofdauteur: | |
|---|---|
| Andere auteurs: | |
| Formaat: | Boek |
| Taal: | Spaans |
| Gepubliceerd in: |
Madrid, España:
Gredos,
1966- 1969.
|
| Editie: | Primera edición. |
| Reeks: | Biblioteca Románica Hispánica. III, Manuales, 15.
|
| Onderwerpen: | |
| Tags: |
Voeg label toe
Geen labels, Wees de eerste die dit record labelt!
|
MARC
| LEADER | 00000nam a2200000 a 4500 | ||
|---|---|---|---|
| 001 | UCX5838 | ||
| 003 | CL-VaPUC | ||
| 005 | 20220822114324.0 | ||
| 008 | 930121t19660000SP |||||||||||||||||spa|d | ||
| 999 | |c 225996 |d 225994 | ||
| 020 | |a 84-249-1141-5 (Obra completa) | ||
| 020 | |a 84-249-1143-1 (t.I) | ||
| 020 | |a 84-249-1145-8 (t.II) | ||
| 040 | |c Pontificia Universidad Católica de Valparaíso | ||
| 082 | 0 | 4 | |a 808.5 LAU 1966 (t.I) |2 21 |
| 082 | 0 | 4 | |a 808.5 LAU 1967 (t.II) |2 21 |
| 082 | 0 | 4 | |a 808.5 LAU 1969 (t.III) |2 21 |
| 100 | |a Lausberg, Heinrich |e autor |9 472287 | ||
| 245 | 1 | 0 | |a Manual de retórica literaria. |b Fundamentos de una ciencia de la literatura. |
| 250 | |a Primera edición. | ||
| 260 | |a Madrid, España: |b Gredos, |c 1966- 1969. | ||
| 300 | |a 3 Tomos. | ||
| 490 | 0 | |a Biblioteca Románica Hispánica. III, Manuales, 15. | |
| 500 | |a c.3 Tomo I: Donación Familia Prof. Alejandro Guzmán Brito. c.3 Tomo II: Donación Familia Prof. Alejandro Guzmán Brito. c.3 Tomo III: Donación Familia Prof. Alejandro Guzmán Brito. | ||
| 583 | |a last modification |c 19930121 00:00:00 |k Rodrigo Vera | ||
| 650 | 0 | |a Retórica |9 266620 | |
| 650 | 0 | |a Filología |9 321245 | |
| 650 | 0 | |a Estilo literario |9 316417 | |
| 700 | |a Pérez Riesco, José |e versión española |9 865477 | ||
| 942 | |c BK |2 ddc |n 0 | ||
| 945 | |d 19930121 00:00:00 | ||
| 952 | |0 0 |1 0 |4 0 |6 808_500000000000000_LAU_1967 |7 0 |8 A |9 223989 |a BIBEDU |b BIBEDU |d 2019-11-15 |h v.1 |i 292806K |o 808.5 LAU 1967 |p 292806K |r 2019-11-15 |w 2019-11-15 |y BK |k LIT | ||
| 952 | |0 0 |1 0 |4 0 |6 808_500000000000000_LAU_1967 |7 0 |8 A |9 223990 |a BIBEDU |b BIBEDU |d 2019-11-15 |h v.2 |i 2928078 |o 808.5 LAU 1967 |p 2928078 |r 2019-11-15 |w 2019-11-15 |y BK |k LIT | ||
| 952 | |0 0 |1 0 |4 0 |6 808_500000000000000_LAU_1967 |7 0 |8 A |9 223991 |a BIBEDU |b BIBEDU |d 2019-11-15 |h v.3 |i 2928086 |o 808.5 LAU 1967 |p 2928086 |r 2019-11-15 |w 2019-11-15 |y BK |k LIT | ||
| 952 | |0 0 |1 0 |4 0 |6 808_500000000000000_LAU_1967 |7 0 |8 A |9 223992 |a FDOPOS |b FDOPOS |d 2019-11-15 |h v.1 |i 3180808 |o 808.5 LAU 1967 |p 3180808 |r 2025-01-22 |w 2019-11-15 |y BK |k MLH | ||
| 952 | |0 0 |1 0 |4 0 |6 808_500000000000000_LAU_1967 |7 0 |8 A |9 223993 |a FDOPOS |b FDOPOS |d 2019-11-15 |h v.2 |i 3180816 |o 808.5 LAU 1967 |p 3180816 |r 2025-01-22 |w 2019-11-15 |y BK |k MLH | ||
| 952 | |0 0 |1 0 |4 0 |6 808_500000000000000_LAU_1967 |7 0 |8 A |9 223994 |a FDOPOS |b FDOPOS |d 2019-11-15 |h v.3 |i 3180824 |o 808.5 LAU 1967 |p 3180824 |r 2025-01-22 |w 2019-11-15 |y BK |k MLH | ||
| 952 | |0 0 |1 0 |2 ddc |4 0 |6 808_500000000000000_LAU_1969 |7 1 |8 C_AGB |9 579904 |a BIBDER |b BIBDER |d 2021-12-28 |e Donación |h t. III |i 5632315 |o 808.5 LAU 1969 |p 5632315 |r 2023-01-25 |t 3 |w 2021-12-28 |y BK_US |k AGB | ||
| 952 | |0 0 |1 0 |2 ddc |4 0 |6 808_500000000000000_LAU_1966 |7 1 |8 C_AGB |9 580972 |a BIBDER |b BIBDER |d 2022-01-31 |e Donación |h t.I |i 5643171 |o 808.5 LAU 1966 |p 5643171 |r 2023-01-25 |t 3 |w 2022-01-31 |y BK_US |k AGB | ||
| 952 | |0 0 |1 0 |2 ddc |4 0 |6 808_500000000000000_LAU_1967 |7 1 |8 C_AGB |9 581224 |a BIBDER |b BIBDER |d 2022-02-08 |e Donación |h t.II |i 5645719 |o 808.5 LAU 1967 |p 5645719 |r 2023-01-25 |t 3 |w 2022-02-08 |y BK_US |k AGB | ||